Movies Quiz

Random Movies or Box Office Quiz

30 Highest Grossing Actors Quiz Stats

 Plays Quiz Updated Sep 12, 2019

Score 0/30 Timer 08:00
3 Plays Today
Rank Actor % Correct
5Tom Hanks
88.7%
17Johnny Depp
82.8%
18Eddie Murphy
78.6%
24Will Smith
76.3%
15Tom Cruise
76.1%
9Andy Serkis
73%
5Harrison Ford
72.4%
2Robert Downey, Jr
71.5%
14Chris Hemsworth
64.8%
1Samuel L. Jackson
62.3%
13Chris Evans
62%
20Mark Ruffalo
57.4%
7Morgan Freeman
54%
29Woody Harrelson
53.7%
3Scarlett Johansson
49.2%
Rank Actor % Correct
25Jeremy Renner
44.5%
26Josh Brolin
43.5%
11Chris Pratt
43.4%
21Ian McKellen
35.3%
10Zoe Saldana
29.7%
22Benedict Cumberbatch
28.4%
6Bradley Cooper
23.4%
23Dwayne Johnson
20.9%
28Vin Diesel
19.1%
8Don Cheadle
14.3%
16Idris Elba
12.2%
27Cate Blanchett
10.2%
12Anthony Daniels
9.6%
30Anthony Mackie
8.9%
19Stanley Tucci
7.2%

You're not logged in!

Compare scores with friends on all Sporcle quizzes.
OR
Log In

Sporcle TV

Today on Sporcle TV


Watch our educational content, quiz creation guides, and fun videos on Sporcle TV.

Show Comments

Extras

Top Quizzes Today


Score Distribution

Your Account Isn't Verified!

In order to create a playlist on Sporcle, you need to verify the email address you used during registration. Go to your Sporcle Settings to finish the process.

Report this User

Report this user for behavior that violates our Community Guidelines.

Details: